000 00514nam a2200169Ia 4500
008 241217s9999||||xx |||||||||||||| ||und||
020 _a9780135712337
_c58.25
040 _beng
_cSSK Library
_erda
082 _a004.16 TRI.2
100 _a Walter A. Triebel
245 4 _aThe 8088 & 8086 Microprocessors: Programing Interfacing, Hardware Software & Application
250 _a2nd ed
260 _b Prentice Hall
_c©1997
942 _2Dewey Decimal Classification
_cBOOK
_nNo
999 _c19800
_d19800
003 OSt
005 20241217112732.0